000 00699nam a2200229Ii 4500
003 JO-AjNU
008 230605s9999||||xx |||||||||||||| ||und||
017 _a92/7389
020 _a977-00-3828-8
040 _aJO-AjNU
_bara
_erda
_cJO-AjNU
041 _aara
050 1 4 _aLC191.B3252 1993
100 3 _aبدران،شبل,
_eauthor
_915469
245 0 0 _aكما يكون المجتمع تكون التربية
250 _aط1
264 3 1 _aالإسكندرية:دار المعرفة الجامعية،1993
300 _a188ص
336 _atext
_btxt
_2rdacontent
337 _aunmediated
_bn
_2rdamedia
338 _avolume
_bnc
_2rdacarrier
650 4 _aالتربية-المجتمع
_915470
999 _aA4376
_c7944
_d7944